| 000 | 00615nam a22001817a 4500 | ||
|---|---|---|---|
| 005 | 20251108173305.0 | ||
| 008 | 250721s2006 xx 000 0 ara d | ||
| 082 | 1 | 4 | _a818/عوا |
| 100 | 1 |
_aعواد، شحادة عوض أحمد _eمؤلف |
|
| 245 | 1 | 0 | _aولاة الأمر و أهل الحل و العقد و عامة الشعب / |
| 264 | 1 |
_aعمان : _bدار كنوز المعرفة للنشرو التوزيع، _c2006. |
|
| 300 | _a101ص. | ||
| 490 | 0 |
_aخواطر _v6 |
|
| 650 | 1 | 7 | _aالخواطر الأدبية |
| 650 | 1 | 7 | _aالصحوة الإسلامية |
| 942 |
_2ddc _cBK |
||
| 999 |
_c100502 _d100502 |
||